Estatísticas para Corrente de 5 letras

Clique aqui para jogar o quiz

Estatísticas Gerais

  • Esse quiz foi jogado 49 vezes
  • A pontuação média é 10 de 30

Estatísticas das Respostas

DicaResposta% Correto
"Barato", em
inglês
Cheap
97%
Tem o final, o
de dois, o de
exclamação...
Ponto
90%
O dia de antesOntem
86%
Oposto de depoisAntes
59%
Lugar com
marcos
históricos
Museu
55%
Se não tenho
irmãos sou filha...
Única
55%
Tem o de festas e
o de beleza
Salão
52%
Tem na praiaAreia
41%
Com feijão é bomArroz
41%
Um dos tipos de
blocos
Bloco de
{Notas}
41%
Vem depois da
quinta
Sexta
41%
Meu quiz mais
jogado (1/1/2024)
É {Óbvio}!
31%
Uma das letras do
alfabeto grego
Ômega
31%
E.T.Alien
28%
_____ horas, programa
da madrugada da Globo
Altas
24%
Observar, assistirOlhar
24%
Significado de "rs"Risos
24%
SemáforoSinal
24%
Traje de banho para
homens
Sunga
24%
Um dos elementos
da tabela periódica
Zinco
24%
Para fazer sorvete é
necessário
Leite
21%
Se adicionar isso em par,
se torna seus pais, mas
a palavra em si já significa.
Entes
14%
"Garça" ao contrárioAçrag
10%
Única fronteira do Distrito
Federal
Goiás
10%
_____ espacial, serve para
explorar o universo não
observável
Sonda
10%
Moleque, menino, jovem.Rapaz
7%
"Eu quero _____ porque o
gato mia...". Abertura de
O Show da Luna
Saber
7%
As últimas letras do alfabeto,
ao contrário
Zyxwv
7%
"Estrelas", em inglêsStars
3%
Medida de energiaVolts
3%

Distribuição das Pontuações

Percentil de Números Respondidos

Porcentagem de Pessoas com Cada Pontuação

Sua Pontuação Histórica

Você não jogou esse quiz